[Event "GER North-ch U12"]
[Site "Langeoog"]
[Date "2001.09.30"]
[Round "2.11"]
[White "Koehnke, Torben"]
[Black "Lechelt, Mathias"]
[Result "1/2-1/2"]
[WhiteElo "1168"]
[BlackElo "656"]
[PlyCount "70"]
[EventDate "2001.10.??"]
[EventType "swiss"]
[EventRounds "5"]
[EventCountry "GER"]
[SourceTitle "EXT 2003"]
[Source "ChessBase"]
[SourceDate "2002.11.25"]
[SourceVersion "1"]
[SourceVersionDate "2002.11.25"]
[SourceQuality "1"]

1. e4 e5 2. Nf3 Nc6 3. Bc4 Nf6 4. Nc3 Bb4 5. d3 d6 6. a3 Bxc3+ 7. bxc3 Bg4 8. Bg5 h6 9. Bh4 Ne7 10. h3 Bxf3 11. Qxf3 Ng6 12. Rb1 Nxh4 13. Qg3 Nh5 14. Qh2 0-0 15. Rxb7 Rb8 16. Rxb8 Qxb8 17. 0-0 Nf4 18. Kh1 Qd8 19. d4 Qg5 20. g4 Nf3 21. Qg3 h5 22. Qxf3 Qh6 23. gxh5 Nxh5 24. Rg1 g6 25. Kh2 Nf4 26. Qg4 Kg7 27. h4 Rh8 28. Kg3 Nh5+ 29. Kf3 Nf4 30. Rh1 g5 31. Qf5 Qh5+ 32. Qg4 Kg8 33. dxe5 dxe5 34. Bxf7+ Qxf7 35. Qxg5+ Ng6+ 1/2-1/2